00429pab a2200145 454500008004000000100002500040245007900065260000900144300001400153362000800167650001600175650002400191650002400215773004400239180718b2005 xxu||||| |||| 00| 0 eng d aBhattacharya, Partha aTechnology transfer from a technical university: a case study of IIT Delhi c2005 ap.413-16. aSep aIIT (Delhi) aTechnical education aTechnology transfer aJournal of Intellectual Property Rights